Systém na tvorbu rozvrhov bakalárska práca

Salvato in:
Dettagli Bibliografici
Autore principale: Muchová, Jana
Ente Autore: Fakulta hospodárskej informatiky EU. Katedra aplikovanej informatiky
Altri autori: Kultan, Jaroslav, 1960-
Natura: Libro
Lingua:slovacco
Pubblicazione: Bratislava 2012
Tags: Aggiungi Tag
Nessun Tag, puoi essere il primo ad aggiungerne!!

MARC

LEADER 00000nbm a2200000 4500
001 0159263
005 20161109112011.0
041 0 |a slo 
044 |a SK 
245 1 0 |a Systém na tvorbu rozvrhov  |b bakalárska práca  |c Jana Muchová ; školiteľ: Jaroslav Kultan 
264 1 |a Bratislava  |c 2012 
300 |a 55 s. 
100 1 |a Muchová, Jana 
700 1 |a Kultan, Jaroslav, 1960- 
710 2 |a Fakulta hospodárskej informatiky EU. Katedra aplikovanej informatiky